00683nam a2200205Ia 450000500170000000800410001702000150005808200130007310000140008624501530010026000290025330000190028265000160030165000160031765000130033365000120034694200060035895200980036499900150046220250127050811.0240331s9999 xx 000 0 und d a8170130530 bCASa910 aCasie C.S 4aThe Ceylon gazetteer :bcontaining an accurate account of thedistricts, provinces, cities, towns, principal villages, harbours, rivers, lakes, etc., aNew DelhibNavrangc1989 aviii, 15 p .,  aAgriculture aPopulations aReligion aHistory cL 001040708LaWERCLbWERCLcSSCd2024-03-31l0o 910.35 CASp1345r2024-03-31w2024-03-31yL c3423d3423